Tiny Almost Useless Trivia XIX Quiz Stats

 Plays Quiz Updated Nov 22, 2017

Score 0/15 Timer 03:00
2 Plays Today
Question Answer % Correct
What term, which follows 'Bah', was oft repeated by Scrooge when referring to Christmas cheer?humbug
83.1%
What food is a spread made from chickpeas blended with tahini, oil, and lemon juice?hummus
75.5%
What is the two-word Cantonese umbrella term used for Chinese martial arts?kung fu
54.9%
What was the name of the helmsman played by George Takei on TV's 'Star Trek'?Sulu
54.7%
What is the official primary language of Pakistan?Urdu
50.8%
In some lore, Adam's first wife was later turned into what creature that seduces men and sucks their energy?succubus
37.1%
Starting in 1957, Popeye's nemesis Bluto became known by what new name?Brutus
33.5%
What is the name of the faun with an umbrella in 'The Lion, the Witch and the Wardrobe'?Tumnus
33.3%
Question Answer % Correct
What city is the second largest metro area in Minnesota and the second largest port on Lake Superior?Duluth
32.9%
What is the more common name of the first major battle of the US Civil War, which southerners called Manassas?Bull Run
30%
What African antelope becomes an invasive plant when you insert a 'Z' into it?kud(z)u
26%
What Scottish musician sang 'To Sir with Love' and the theme to 'The Man with the Golden Gun'?Lulu
24.8%
In Pokémon, Breloom, Amoongus, and Parasect are all what type of spore-producing eukaryote?fungus
24%
What's the name of actor Sewell from 'Hamlet' or Carlin's character in 'Bill and Ted's Excellent Adventure'?Rufus
22.6%
What chemical element is found right below oxygen on the periodic table?sulfur
21.1%

You're not logged in!

Compare scores with friends on all Sporcle quizzes.
OR
Log In

Sporcle TV

Today on Sporcle TV


Watch our educational content, quiz creation guides, and fun videos on Sporcle TV.

Show Comments

Extras

Top Quizzes Today


Score Distribution

Your Account Isn't Verified!

In order to create a playlist on Sporcle, you need to verify the email address you used during registration. Go to your Sporcle Settings to finish the process.

Report this User

Report this user for behavior that violates our Community Guidelines.

Details: